Statistics for The Office Last Names

Click here to take the quiz!

General Stats

  • This quiz has been taken 268 times
  • The average score is 22 of 30

Answer Stats

First Last % Correct
PamBeasly (Halpert)
98%
JimHalpert
97%
PhyllisLapin-Vance
95%
TobyFlenderson
92%
DwightSchrute
91%
ToddPacker
91%
AngelaMartin
90%
DavidWallace
89%
RobertCalifornia
88%
HollyFlax
88%
KevinMalone
87%
KellyKapoor
86%
CreedBratton
86%
OscarMartinez
84%
AndyBernard
83%
StanleyHudson
82%
RyanHoward
81%
MeredithPalmer
80%
JanLevinson
76%
ErinHannon
73%
DarrylPhilbin
68%
DeangeloVickers
68%
GabeLewis
67%
JoBennett
66%
RoyAnderson
64%
DannyCordray
37%
KarenFilippelli
27%
CarolStills
24%
TonyGardener
16%
Elizabeththe Stripper
1%

Score Distribution

Percentile by Number Answered

Percent of People with Each Score

Your Score History

You have not taken this quiz